History Quiz

Random History or State Quiz

The Same Year As: U.S. States Edition Quiz Stats

 Plays Quiz Updated Jan 22, 2016

Challenge
Share
Tweet
Embed
Score 0/23 Timer 07:00
0 Plays Today
% Correct
Washington elected 1st President
69%
U.S. Constitution adopted
67.2%
The Titanic sinks
61.6%
U.S. purchases Louisiana
59.7%
Disney's Sleeping Beauty is released
51.4%
Lincoln-Douglas debates
50.7%
Napoleon invades Russia
50.5%
1st modern Olympics held
47.3%
Napoleon dies
45.4%
Battle of the Alamo fought
44.6%
John Wayne is born
42.2%
Bell patents the telephone
35.5%
% Correct
Mozart dies
34%
'La Marseillaise' composed
30.8%
'Communist Manifesto' published
29.1%
Coca-Cola (then Pemberton Medicine Company) is incorporated
27.5%
Poe's 'The Raven' published
23.5%
Frankenstein is published
22.9%
Kingdom of Italy founded
22.8%
'Auld Lang Syne' published
21%
Nobel patents dynamite
19.8%
'In God We Trust' first appears on U.S. coins
16.4%
Shaka first rules the Zulu
11.5%

You're not logged in!

Compare scores with friends on all Sporcle quizzes.
OR
Log In

You Might Also Like...

Show Comments

Extras

Top Quizzes Today


Score Distribution

Your Account Isn't Verified!

In order to create a playlist on Sporcle, you need to verify the email address you used during registration. Go to your Sporcle Settings to finish the process.

Report this User

Report this user for behavior that violates our Community Guidelines.

Details: